00465nam a2200157Ia 450000500170000000800410001708200080005810000200006624500400008626000380012630000130016465000110017794200060018895200980019499900150029220240620061428.0240331s9999 xx 000 0 und d bGAN aGanesalingan, S 0aPoimaiyin nizhalilcS.Ganeshalingan aChennaibKumaran publishersc1997 a182 p ., aSocial cL 001040708LaWERCLbWERCLcSSCd2024-03-31l0o 891.48 GANp5815r2024-03-31w2024-03-31yL c3930d3930